[Event "Mogi Guacu op"]
[Site "Mogi Guacu"]
[Date "2022.05.01"]
[Round "6"]
[White "Bueno Aparecid, Odinovaldo Sebastia"]
[Black "Ramos, Eduardo Pereira"]
[Result "1/2-1/2"]
[WhiteElo "1961"]
[BlackElo "1935"]
[PlyCount "86"]
[EventDate "2022.04.29"]
[EventType "swiss"]
[EventRounds "6"]
[EventCountry "BRA"]
[SourceTitle "CBM 208 Extra"]
[Source "ChessBase"]
[SourceDate "2022.07.31"]
[SourceVersion "1"]
[SourceVersionDate "2022.07.31"]
[SourceQuality "1"]

1. d4 c6 2. e4 d5 3. e5 Bf5 4. Bd3 Bxd3 5. Qxd3 e6 6. Ne2 Be7 7. 0-0 Nd7 8. f4 f5 9. Qg3 g6 10. Nbc3 b5 11. a3 Qb6 12. b4 a5 13. bxa5 Rxa5 14. Bb2 Qa7 15. Nb1 Nb6 16. h4 Nh6 17. Qe1 Nc4 18. Bc3 Ra4 19. Qc1 Ng4 20. g3 Nxa3 21. Nxa3 Bxa3 22. Qd2 Kf7 23. Rab1 Rb8 24. Bb4 c5 25. Bxa3 cxd4 26. Bd6 d3+ 27. Kh1 dxe2 28. Qxe2 Rc8 29. Rxb5 Rc3 30. Rb3 Rac4 31. Rxc3 Rxc3 32. Rf3 Rxf3 33. Qxf3 Qa1+ 34. Kg2 Qb2 35. Qb3 Qxc2+ 36. Qxc2 Ne3+ 37. Kf2 Nxc2 38. Bc5 h5 39. Ke2 Na1 40. Kd3 Nb3 41. Bb4 Nc1+ 42. Kd2 Nb3+ 43. Kd3 Nc1+ 1/2-1/2